ბათუმის შოთა რუსთაველის სახელმწიფო უნივერსიტეტის ბიბლიოთეკა

ქართლის ცხოვრება (ბიბ.ჩანაწერი № 49333)

000 -LEADER
fixed length control field 01737nam a2200253Ia 4500
001 - CONTROL NUMBER
control field 16250
003 - CONTROL NUMBER IDENTIFIER
control field GE_BSU
008 - FIXED-LENGTH DATA ELEMENTS--GENERAL INFORMATION
fixed length control field 181216s||||||||xx |||||||||||||| ||und||
020 ## - INTERNATIONAL STANDARD BOOK NUMBER
International Standard Book Number 9789994055579
040 ## - CATALOGING SOURCE
Transcribing agency GE_BSU
080 ## - UNIVERSAL DECIMAL CLASSIFICATION NUMBER
Universal Decimal Classification number 94(479.22)(093)+930.22/27(479.22)
245 ## - TITLE STATEMENT
Title ქართლის ცხოვრება
245 ## - TITLE STATEMENT
Remainder of title საქართველოს ისტორია
245 ## - TITLE STATEMENT
Statement of responsibility, etc. მთ.რედ:როინ მეტრეველი,სარედ:კოლ:მედეა აბაშიძე,გიული ალასანია,ზაზა ალექსიძე და სხვ:ტესტები გამოსაც.მოამზ.მიხეილ ქავთარიამ და სხვ.ბიბლიოგრ.შემდგ.ვალერი სილოგავა,საძ.შემდგ.ნესტან ბაგაუნი,მხატვ:შოთა ნიორაძე,ილ.ბუბა კუდავა
260 ## - PUBLICATION, DISTRIBUTION, ETC.
Place of publication, distribution, etc. თბილისი.
260 ## - PUBLICATION, DISTRIBUTION, ETC.
Name of publisher, distributor, etc. მერიდიანი-არტანუჯი
260 ## - PUBLICATION, DISTRIBUTION, ETC.
Date of publication, distribution, etc. 2008
300 ## - PHYSICAL DESCRIPTION
Extent 830გვ;+7ჩართ.რუკა,29სმ
300 ## - PHYSICAL DESCRIPTION
Other physical details დანართები:გვ:657-730;საზიებელი გვ:783-828.ბიბლიოგრ.გვ:731-781
520 ## - SUMMARY, ETC.
Summary, etc. ეძღვნება საქართველოს კათოლიკოს პატრიარქის ილიაII -ის დაბადების 75-ე და აღსაყდრების 30-ე წლისთავს.
653 ## - INDEX TERM--UNCONTROLLED
Uncontrolled term საქართველოს ისტორია
653 ## - INDEX TERM--UNCONTROLLED
Uncontrolled term ქართლის ცხოვრება
942 ## - ADDED ENTRY ELEMENTS (KOHA)
Koha item type წიგნი
ეგზემპლარები
Withdrawn status Lost status Damaged status Not for loan Date acquired Barcode Date last seen Price effective from Koha item type
        2018-12-17 39835 2018-12-17 2018-12-17 წიგნი